00541nam a2200157Ia 4500082001200000100001600012245004800028260006300076300000900139504002700148650004300175650004000218650003000258650003800288710005700326 aRL.0029 aLalitha, N. 0aProduct patents and pharmaceutical industry c2001bIndian Council of Social Science Research, New Delhi a92p. aReferences at the end. aDRUG INDUSTRY//PHARMACEUTICAL INDUSTRY aDRUG TRADE//PHARMACEUTICAL INDUSTRY aDRUGS - PATENTS - GUJARAT aPHARMACEUTICAL INDUSTRY - GUJARAT aGujarat Institute of Development Research, Ahmedabad